000 00637cam a2200181 4500
001 WB3525-01
008 000000n1999 000 0 eng u
035 _a(Sirsi) u102445
245 _aBest practice.
260 _c1999
490 _aSunday Telegraph
_v27 June 1999, A3(2)
520 _a A report on the Construction Best Practice Programme and how it can help firms improve employee satisfaction and customer care, using a case study of one firm's experiences.
650 _aEMPLOYEES
650 _aCONSTRUCTION BEST PRACTICE PROGRAMME
650 _aMANAGEMENT-BUSINESS MANAGEMENT
690 _aBUILT ENVIRONMENT
942 _n0
999 _c61459
_d61459